[Event "Turnier 40 / 120"]
[Site "Wien"]
[Date "2023.??.??"]
[Round "38"]
[White "ChessGenius Exclusive 300 MHz"]
[Black "Tasc R40 V2.50 Phoenix"]
[Result "1/2-1/2"]
[WhiteElo "2405"]
[BlackElo "2401"]
[Annotator "Christian"]
[PlyCount "99"]
[EventDate "2023.??.??"]

{[%evp 0,99,23,39,54,59,56,45,46,48,53,53,66,87,75,58,47,51,45,28,30,-6,9,-12,-12,-12,2,2,11,-11,-17,-30,-95,-99,-99,-99,-16,-19,-32,-49,-91,-65,45,-108,-89,-103,-56,-54,-85,-56,-56,-42,-49,-72,-61,-83,-73,-73,-72,-72,-65,-47,-48,-41,-36,-23,-9,-17,-5,-5,-5,0,0,0,0,0,0,0,0,0,0,0,0,0,0,0,5,0,17,0,17,0,0,0,0,0,0,0,0,0,0,0]} 1. e4 c5 {Runde 38: Sizilianisch / Höflich ausgedrückt könnte man sagen eine sehr ereignisreiche Partie mit extrem wechselnden Vor- und Nachteilen und zahlreichen Gewinnmöglichkeiten für beide Geräte, hier werden schonungslos die Grenzen zweier Geräte der Spitzenklasse im Oldiebereich aufgezeigt, insgesamt also eine Partie auf mässigem Niveau, die letztlich mit einem Remis durch 3x Stellungswiederholung endet. Stand: 23,0 : 15,0 für MCGE 300 MHZ (60,53 %)} 2. Nf3 Nc6 3. Bb5 e6 {Buchende} 4. Bxc6 dxc6 {Buchbewertung Tasc R40 V 2.5: -0,37} 5. O-O {Buchende} g5 $2 {das vorzeitige Aufreissen des Königsflügels ist verfrüht und nicht zu empfehlen, danach steht Weiss bereits besser, deutlich besser ist einfach normals Entwicklung entweder Se7 oder Ld6} 6. d3 {Buchbewertung MCGE: +0,31 / lt. Komodo steht Weiss klar besser mit ca. +0,80} g4 $2 {auch dieser Vorstoss ist voreilig, besser ist f6, Komodo -1,10} 7. Ne5 h5 8. Be3 b6 9. Bf4 $4 {ein grottenschlechter Zug, der sogar schon die Vorzeichen umkehrt, danach steht Schwarz bereits besser, Komodo -0,50 (büsst ca. 1,7 Bauerneinheiten !! ein) nötig war Sd2 oder a4 mit ca. +1,20 für Weiss} Ne7 {besser ist Ld6, nach dem Textzug ist die Stellung etwa gleich} 10. Nc4 {besser ist Le3} Ng6 11. Bd2 b5 12. Ba5 $2 {also das bringt absolut gar nichts für Weiss und vertreibt nur die schwarze Dame in eine Angriffsposition, danach ist Schwarz bereits im Vorteil, Komodo -0,60 mit der Fortsetzung Dh4, besser ist Se3} Qe7 $2 {auch nicht gerade das Gelbe vom Ei, besser ist Dh4, die Stellung ist wieder im Lot} 13. Ne3 Bh6 14. Bc3 O-O 15. b3 $4 {ein Verlustzug, danach ist die Partie praktisch schon verloren, Komodo -1,50 mit der Fortsetzung f5, nötig war Tfe1 mit nur ca. -0,30} f5 $1 {diesen Zug übersieht MCGE völlig, er rechnete mit dem ganz schwachen Td8, danach wäre die Stellung im Lot gewesen, Tasc R40 sieht aber bereits nach wenigen Sekunden die richtige Fortsetzung und bleibt konstant bis zum Schluss dabei, Tasc R40: +0,77 / Komodo +1,50, stark !} 16. exf5 $2 {MCGE hat von dieser Stellung keine Ahnung und sieht sich hier sogar noch im Vorteil mit +0,25 / auch der Textzug ist schwach und verschlimmert deutlich die Lage, lt. Komodo wäre hier schon eine Figur für 2 Bauern verloren gegangen, deutlich mehr Widerstand leistet noch Sd2, f4, Sxg4 mit ca. -1,50, nach dem Textzug ist praktisch schon alles vorbei, Komodo -2,30, natürlich muss man aber immer dazusagen, vorbei aus der Sicht der Top-Engine für den Tasc R40 V 2.5 sind natürlich bis zum tatsächlichen Sieg noch einige Schritte zu machen und man hat ja besonders in letzter Zeit gesehen, dass er klare Gewinnstellung nicht verwerten konnte, also hier ist jedenfalls noch Vorsicht geboten, ob er es auch tatsächlich schafft.} exf5 {Tasc R40 V2.5 hat das weit bessere Verständnis für diese Stellung und sieht sich zurecht bereits klar im Vorteil: +0,93 !!} 17. Re1 Qc7 $4 {und hier sieht man gleich, warum ich zuvor von gebotener Vorsicht sprach, der Textzug ist einfach viel zu brav und verpasst den gewinnbringenden Angriff 17. Dh4 !!, danach ist ein Grossteil des Vorteiles dahin, Komodo "nur" noch +0,70 für Schwarz} 18. Nf1 $2 {deutlich besser ist Sd2, nach dem Textzug ist Schwarz wieder ganz klar im Vorteil, Komodo +1,30} Bd7 19. d4 cxd4 20. Qxd4 {Komodo -1,50 / lt. Stockfish 15 ist hier schon alles hoffnungslos für Weiss, -3,00} Rad8 $2 {aber es ist eben nur aus Sicht der Top-Engines, ein Katastrophenzug !!, der auf einen Schlag einfach alles verschenkt, danach ist die Stellung bereits im Lot, hier kann Weiss mittels Te7 !! bereits sogar leichten Vorteil erlangen.} 21. a4 $2 {so aber nicht, ein absoluter Verlustzug, danach ist die Partie wieder klar verloren, Komodo -2,20, verpasst wie gesagt die starke Fortsetzung Te7} c5 22. Qd5+ Kh7 $2 {aber der Weg zum Gewinn ist beschwerlich, der Textzug verspielt sofort wieder einen Grossteil des Vorteiles, Komodo +0,90, gewonnen hätte Tf7} ({Leptir Analyzer-avx2:} 22... Rf7 23. Rd1 Nf4 24. Qe5 Qxe5 25. Bxe5 Ne2+ 26. Kh1 Re8 27. Rd5 bxa4 28. Nbd2 Bf8 29. Nc4 Bc6 30. Rd3 f4 31. Nfd2 axb3 32. cxb3 Nd4 33. Bxd4 cxd4 34. h3 Bc5 35. Kg1 Bb4 {[%eval -248,23]}) 23. axb5 Bxb5 24. Ba5 Rxd5 25. Bxc7 Rd7 26. Ba5 Nf4 27. Ra2 $2 {ein schwacher Zug, deutlich besser ist Sc3, Komodo -1,30} c4 $4 {ein ganz schwacher Zug, der einen Grossteil des Vorteiles gleich wieder verspielt, Komodo "nur" noch +0,40 für Schwarz, nötig war Lg7} 28. Bd2 $1 {ausnahmsweise mal ein richtiger Zug} cxb3 29. cxb3 Bd3 30. Bxf4 Bxf4 31. Nbd2 Kg8 32. g3 Bb8 33. Nc4 Kf7 {die Stellung ist im Lot, Komodo 0,00} 34. Nfd2 Re7 35. Rxe7+ Kxe7 36. Ra5 Rd8 37. f4 Kf6 38. Kf2 h4 39. Ke3 Bc2 40. Ke2 hxg3 41. hxg3 Kf7 42. b4 Ke6 43. Ra6+ Ke7 44. Ra3 Rh8 45. Ne3 Rh2+ 46. Ke1 Rh1+ 47. Ke2 Rh2+ 48. Ke1 Rh1+ 49. Kf2 Rh2+ 50. Ke1 {Stellungswiederholung} 1/2-1/2

[Event "Turnier 40 / 120"]
[Site "Wien"]
[Date "2023.??.??"]
[Round "39"]
[White "Tasc R40 V2.50 Phoenix"]
[Black "ChessGenius Exclusive 300 MHz"]
[Result "1/2-1/2"]
[WhiteElo "2401"]
[BlackElo "2405"]
[Annotator "Christian"]
[PlyCount "109"]
[EventDate "2023.??.??"]

{[%evp 0,109,19,38,83,67,81,39,34,34,20,17,33,-7,31,31,36,32,40,27,16,16,23,15,10,-8,8,-30,-36,-59,-47,-66,-68,-86,-92,-104,-94,-85,-99,-105,-105,-113,-117,-124,-129,-103,-120,-104,-105,-108,-101,-97,-102,-109,-104,-104,-103,-101,-101,-106,-102,-105,-107,-107,-104,-107,-104,-107,-107,-107,-107,-107,-107,-107,-105,-105,-105,-112,-106,-112,-121,-111,-93,-101,-82,-64,-68,-60,-50,-59,-59,-57,-57,7,0,4,1,0,0,0,-16,-27,-29,-16,-25,-27,-11,-15,-8,-14,-18,-17]} 1. e4 g6 {Runde 39: Moderne Verteidigung / Ein merkwürdiger Verzicht mal wieder vom Tasc R40 auf einen Bauern, warum er mit 13. 0-0 ?? auf den simplen Bauerngewinn 13. Sxb7 !! verzichtet wird wohl sein persönliches Geheimnis bleiben, völlig unverständlich. Lt. Top-Engines kommt dann MCGE in eine klare Gewinnstellung, realistisch betrachet ist es aber nicht so leicht zu gewinnen, ein Turmendspiel mit ungleichen Läufern und einem Mehrbauern muss man schon sehr exakt spielen, um den Vorteil nicht einzubüssen, das schafft MCGE letztlich nicht und es endet mit einem Remis (übrigens bereits das 5. Remis in Folge). Stand: 23,5 : 15,5 für MCGE 300 MHZ (60,26 %)} 2. d4 Bg7 3. c3 d5 4. exd5 {Buchende} Nf6 {Buchende} 5. Nf3 {Buchbewertung Tasc R40 V 2.5: +0,25} Qxd5 {Buchbewertung MCGE: -0,35 / lt. Komodo steht Weiss etwas besser mit ca. +0,50} 6. Bf4 Qe4+ 7. Be3 Nd5 8. Nbd2 Nxe3 9. Nxe4 Nxd1 10. Rxd1 O-O 11. Be2 Be6 12. Nc5 Bxa2 13. O-O $4 {der Tasc R40 schätzt mal wieder einen Bauern gering ein, warum nicht einfach Sxb7 ?, völlig unverständlich nach dem Textzug hat Schwarz einfach einen gesunden Mehrbauern, Komodo -1,00} ({Dragon 3.1 by Komodo Chess 64-bit:} 13. Nxb7 Bd5 14. Na5 Nc6 15. Ra1 e5 16. Nxc6 Bxc6 17. Nxe5 Bxe5 18. dxe5 a5 19. Bf3 Bxf3 20. gxf3 Rfb8 21. Ra2 Rb5 22. f4 Rab8 23. O-O Rxb2 24. Rxa5 Rc2 25. Rc5 Rb3 26. Rxc7 Rbxc3 27. Rxc3 Rxc3 28. Kg2 Rc4 29. Kg3 Rc3+ 30. Kh4 h6 31. f3 Kg7 32. Kg3 {[%eval 6,34]}) 13... Bd5 14. c4 Bc6 15. Ne5 Rd8 16. b3 $2 {ein schlechter Zug, danach ist die Partie praktisch schon verloren, Komodo -1,70, deutlich besser ist f4 mit ca. -1,00} b6 $1 17. Nxc6 Nxc6 18. Bf3 bxc5 19. Bxc6 Rab8 20. dxc5 Bd4 21. Ba4 Bxc5 22. Rd5 Rxd5 {besser ist Ld4, Komodo +1,30} 23. cxd5 Rb4 24. Rd1 Rf4 25. Rd2 Kg7 26. Kf1 Kf6 27. g3 Rf3 28. Rc2 Bb6 29. b4 Rd3 30. Bc6 g5 31. Re2 Rc3 32. Bd7 {Weiss konnte seine Stellung etwas konsolidieren, Komodo -1,00} h5 33. Kg2 Rd3 34. Bc6 Rd1 35. h3 Rd4 36. b5 h4 37. Ra2 Ke5 38. Re2+ Kd6 39. Rc2 hxg3 40. fxg3 Rd3 41. h4 gxh4 42. gxh4 Rd4 43. Kg3 Rd1 44. h5 Rg1+ {Weiss konnte die Stellung bereits ausgleichen, Komodo 0,00} 45. Rg2 Rf1 46. h6 Bd4 47. Rh2 Be5+ 48. Kg2 Bxh2 49. Kxf1 Be5 50. Ke2 e6 51. dxe6 Kxe6 52. Kd3 f5 53. h7 Kf7 54. Bd5+ Kg7 55. Bg8 {Userentscheid: Remis} 1/2-1/2

[Event "Turnier 40 / 120"]
[Site "Wien"]
[Date "2023.??.??"]
[Round "40"]
[White "ChessGenius Exclusive 300 MHz"]
[Black "Tasc R40 V2.50 Phoenix"]
[Result "1-0"]
[WhiteElo "2405"]
[BlackElo "2401"]
[Annotator "Christian"]
[PlyCount "108"]
[EventDate "2023.??.??"]

{[%evp 0,108,19,-61,1,-25,18,20,36,43,55,47,85,77,74,65,70,39,54,26,26,2,3,8,29,6,48,14,65,61,92,99,98,93,91,102,71,78,78,78,78,94,95,103,75,76,110,83,41,82,91,83,84,53,33,61,74,88,132,140,179,174,189,179,205,185,249,249,238,232,253,241,250,249,257,235,244,271,264,236,243,269,264,256,298,279,344,262,339,268,329,350,431,429,815,838,838,228,246,246,246,252,252,252,252,252,252,252,255,255,250]} 1. b4 c6 {Runde 40: Polnisch Sokolski Orang Utan, Schühler Gambit / Der Tasc R40 entschliesst sich gleich zu Beginn der Partie mit 3. e5 ? wieder zu einem fragwürdigen Bauernopfer und später mit 20. Dc7 zu einem zweiten Bauernopfer, da hat er noch etwas Kompensation dafür, allerdings sind 2 Bauern natürlich schon ein spielentscheidender Nachteil, wenn man keinen unmittelbaren Angriff dafür bekommt, MCGE nimmt die beiden Geschenke an und spielt das dann ganz trocken runter. Stand: 24,5 : 15,5 für MCGE 300 MHZ (61,25 %)} 2. Bb2 a5 {Buchende} 3. b5 {Buchende / diese Eröffnung gab es auch gegen Tasc R30 V 2.5, damals gewann MCGE nach einer überaus wechselhaften Partien, die vor Fehlern nur so strotzte und Chancen für beide Seiten brachte.} e5 $2 {Buchbewertung Tasc R40 V 2.5: -0,03 / R40 eröffnet gleich wieder mit einem unsinnigen Bauerngeschenk, was bitte soll das bringen ?, natürlich ist entweder d5 oder Sf6 deutlich besser.} 4. Bxe5 {Buchbewertung MCGE +0,75 na klar er nimmt das Geschenk an, wie immer halt / lt. Komodo steht Weiss klar besser mit ca. +0,80} d5 (4... cxb5 {weshalb er den Bauern nicht wenigstens zurückgeholt hat, bleibt ein Rätsel (KUT).}) 5. e3 Bf5 6. Nf3 Nd7 7. bxc6 bxc6 8. Bc3 Qc7 9. Nh4 Be6 10. Qf3 $2 {deutlich schwächer als Le2, Komodo +0,40} Ngf6 11. Nf5 g6 12. Qg3 Qb6 13. Nd4 Ne4 14. Qf3 Be7 $2 {hier weicht die Partie nun ab von jener gegen Tasc R30 V 2.5, der spielte 14. Ld6 / deutlich besser ist allerdings Sxc3, Komodo -0,80} 15. Nxe6 Nxc3 16. Nxc3 {besser ist Sg7+, Kf8, Se6+ !!! und die Rochade von Schwarz ist hin, natürlich wäre es nach Se6+ KEINE Stellungswiederholung, da ja Schwarz dann nicht mehr rochieren kann, das allerdings erkennt wahrscheinlich MCGE nicht, aber auch nach dem Textzug bleibt Weiss im Vorteil mit ca. +0,80} fxe6 17. Qg4 Kf7 18. Qf4+ Kg7 19. Rb1 Qa7 20. Qg4 Qc7 {ein zweites Bauernopfer von Tasc R40 V 2.5, lt. Komodo steht Weiss dennoch "nur" mit ca. +0,80 besser, anderer Meinung ist allerdings Stockfish 15 mit +2,00} 21. Qxe6 Nc5 22. Qg4 Rab8 23. Be2 h5 24. Qd4+ Kh7 25. Rxb8 Rxb8 26. Nd1 Ne4 27. c3 Bf6 $2 {ein Verlustzug, danach ist die Partie bereits klar verloren, Komodo -2,30, deutlich mehr Widerstand leistet Tb1 mit ca. -1,40} 28. Qa4 c5 29. c4 dxc4 30. Qxc4 Nd6 31. Qc2 h4 32. Bd3 Qc6 $2 {ein ganz schlechter Zug, deutlich besser ist noch Tg8, Komodo -4,00} 33. f3 {besser ist Lxg6+, aber auch diese Fortsetzung ist mehr als ausreichend, Komodo +3,50} Rg8 34. Nf2 c4 35. Ne4 {schwächer als 0-0, dennoch völlig ausreichend, Komodo +3,00} Nxe4 36. Bxe4 Qe6 37. Qa4 $2 {klar schwächer als 0-0, dennoch steht Weiss klar auf Gewinn, Komodo +2,30} Qa6 $2 {verpasst die deutlich stärkere Fortsetzung c3, Komodo -4,00} 38. Qd7+ {besser ist Ld5, aber völlig ausreichend, Komodo +3,00} Kh6 $2 {völlig falsch, der König gehört nach h8, Komodo -4,00} 39. g4 Rg7 40. Qd5 c3 41. d4 h3 42. f4 Be7 $2 {deutlich besser ist noch Lh4+, Komodo -7,00} 43. g5+ {weit schwächer als Tg1, hier führen aber praktisch schon alle Wege nach Rom, Komodo +5,20} Kh7 44. Kf2 Ba3 45. f5 Re7 $2 {es spielt zwar keine Rolle mehr, dennoch um ganze 6 Bauerneinheiten schlechter als Dd6, Komodo -12,00} 46. Rg1 gxf5 47. Qxf5+ Kg8 48. Rg3 {weit schwächer als g6, dennoch ändert nichts mehr am Gewinn, Komodo +6,00} Rf7 49. Bd5 Qg6 50. Rf3 Qxf5 51. Rxf5 c2 52. Rxf7 c1=Q 53. Rc7+ Kf8 54. Rxc1 Bxc1 {Rest geschenkt} 1-0

[Event "Turnier 40 / 120"]
[Site "Wien"]
[Date "2023.??.??"]
[Round "41"]
[White "Tasc R40 V2.50 Phoenix"]
[Black "ChessGenius Exclusive 300 MHz"]
[Result "0-1"]
[WhiteElo "2401"]
[BlackElo "2405"]
[Annotator "Christian"]
[PlyCount "70"]
[EventDate "2023.??.??"]

{[%evp 0,19,19,-32,-9,-18,-14,-16,11,-8,-21,-26,-37,-37,-59,-76,-67,-87,-96,-89,-72,-87]} 1. b3 {***ENDE BUCH***} Nf6 2. d4 {Buchbewertung Tasc R40 V 2.5: -0,10} c5 {***ENDE BUCH***} 3. dxc5 Qa5+ {Buchbewertung MCGE: 0,00 / lt. Komodo ist die Stellung etwa gleich} 4. c3 Qxc5 5. e4 $2 {und schon wieder ein völlig unnötiges Bauerngeschenk gibt einen Zentrumsbauern für nichts, dafür hat Weiss einfach absolut keine Kompensation und Schwarz schon wieder einen gesunden Mehrbauern, Komodo -1,00, ob es ein beabsichtigtes Geschenk ist sei dahingestellt, denn Tasc R40 rechnet NICHT damit, dass es angenommen wird, sondern erwartet e5 ?} (5. Ba3 Qc7 6. Nf3 g6 7. e3 Bg7 8. Bd3 Nc6 9. O-O O-O 10. Qc2 d6 11. Nbd2 Ng4 12. Rad1 Nce5 13. Nxe5 Nxe5 14. Be2 Bf5 15. e4 Be6 16. Bb2 Rac8 17. a4 Qb6 18. Kh1 Ng4 19. Bxg4 Bxg4 20. Rde1 Bd7 21. f4 Rfd8 22. c4 Bxb2 23. Qxb2 Bxa4 24. f5 Bd7 25. f6 exf6 26. Qxf6 Be6 27. Qh4 Rc5 28. Nf3 Rh5 29. Qf6 Rd7 30. Nd4 Bg4 31. Nb5 a6 32. Nc3 Qxb3 33. Re3 Qb6 34. Rfe1 Re5 35. Nd5 Qd4 36. Qh4 h5 37. h3 Be6 38. Nf6+ Kg7 39. Rf3 Rf5 40. Rxf5 Bxf5 41. Ne8+ Kf8 42. Nf6 Kg7 {½-½ (42) Olivier,E (2402)-Equidistance (2377) Playchess.com INT 2006}) 5... Nxe4 {aber Genius überrascht seinen Gegner indem er das Geschenk dankend annimmt, klar warum auch nicht.} 6. Be3 {Tasc R40 tut als sei der Bauer nichts wert: Bewertung: +0,01} Qc7 {MCGE sieht es anders, Bewertung: +0,82} 7. Nd2 Nf6 8. Bb5 $2 {auch nur zweitklassig, danach ist die Partie praktisch schon verloren, Komodo -1,80} a6 9. Bd3 Nd5 10. Ne2 Nxe3 11. fxe3 Qc5 12. Rf1 $2 {ein ganz schlechter Zug, Komodo -2,00} Qxe3 $2 {MCGE nimmt den 2. Bauern an, jedoch in diesem Fall hätte er lt. Komodo besser daran getan, das mit Sc6 ! abzulehnen, Komodo +1,20, allerdings muss man sagen aus Sicht eines Oldies mehr als verständlich, er hat einen 2. Mehrbauern, trotzdem in diesem Fall zu gierig, ein schlechter Zug} 13. Nc4 Qc5 14. Nd4 d5 $4 {ein ganz schlechter Zug, der nahezu den gesamten Vorteil verspielt, danach kann Weiss mittels Df3 !! dem Ausgleich bereits nahe kommen.} 15. b4 $2 {klar schwächer als Df3, Komodo -0,80} Qc7 16. Qh5 e6 17. Qe5 $2 {ein HORRORZUG, einfach indiskutabel, in dieser Situation die Damen zu tauschen und Schwarz von allen Sorgen zu befreien, danach hat er natürlich 2 Mehrbauern und alle Gefahr ist beseitigt, nach einem derartigen Zug sollte man eigentlich den Stecker ziehen, Komodo -3,30, nötig war natürlich Se5 !} ({Leptir Analyzer-avx2:} 17. Ne5 g6 18. Bxg6 fxg6 19. Nxg6 hxg6 20. Qxg6+ Kd8 21. Qf6+ Kd7 22. Qxe6+ Kd8 23. Qxd5+ Qd7 24. Ne6+ Ke8 25. Qxd7+ Kxd7 26. Nxf8+ Kc7 27. O-O-O Nd7 28. Ng6 Rg8 29. Ne7 Rg7 30. Nd5+ Kb8 31. g3 b5 32. c4 bxc4 33. Rf4 Ne5 34. Nb6 Raa7 {[%eval -70,25]}) 17... Qxe5+ {alternativlos und das war es !!, der Rest muss nicht mehr kommentiert werden auch wenn vielleicht noch ein paar nicht ideale Züge von MCGE kommen, jedoch hier ist alles erledigt !} 18. Nxe5 f6 19. Ng4 Nc6 20. Nxc6 bxc6 21. Kd2 Bd6 22. g3 h5 23. Nf2 h4 24. Rh1 Kf7 25. a3 a5 26. gxh4 Rxh4 27. h3 Bg3 28. Ke2 e5 29. Rag1 Bxf2 30. Kxf2 axb4 31. Kg3 Rxh3+ 32. Rxh3 Bxh3 33. Kxh3 Rxa3 34. Bg6+ Ke6 35. Kg2 Rxc3 {gegen diese Bauernwalze ist wahrlich kein Kraut mehr gewachsen, Userentscheid: 0-1} 0-1